<?xml version="1.0" encoding="UTF-8"?>
<record
    xmlns:xsi="http://www.w3.org/2001/XMLSchema-instance"
    xsi:schemaLocation="http://www.loc.gov/MARC21/slim http://www.loc.gov/standards/marcxml/schema/MARC21slim.xsd"
    xmlns="http://www.loc.gov/MARC21/slim">

  <leader>00279nam a22001217a 4500</leader>
  <datafield tag="040" ind1=" " ind2=" ">
    <subfield code="c">SY</subfield>
  </datafield>
  <datafield tag="082" ind1=" " ind2=" ">
    <subfield code="a">509</subfield>
  </datafield>
  <datafield tag="100" ind1=" " ind2=" ">
    <subfield code="a">&#x1780;&#x17D2;&#x179A;&#x179F;&#x17BD;&#x1784;</subfield>
  </datafield>
  <datafield tag="245" ind1=" " ind2=" ">
    <subfield code="a">&#x1794;&#x1785;&#x17D2;&#x1785;&#x17C1;&#x1780;&#x1791;&#x17C1;&#x179F;&#x1795;&#x17D2;&#x179F;&#x17B6;&#x179B;&#x17C4;&#x17A0;&#x17C8;</subfield>
  </datafield>
  <datafield tag="260" ind1=" " ind2=" ">
    <subfield code="a">NA</subfield>
    <subfield code="b">&#x1780;&#x17D2;&#x179A;&#x179F;&#x17BD;&#x1784;</subfield>
    <subfield code="c">NA</subfield>
  </datafield>
  <datafield tag="300" ind1=" " ind2=" ">
    <subfield code="a">208p.</subfield>
  </datafield>
  <datafield tag="942" ind1=" " ind2=" ">
    <subfield code="c">KB</subfield>
  </datafield>
  <datafield tag="999" ind1=" " ind2=" ">
    <subfield code="c">9846</subfield>
    <subfield code="d">9846</subfield>
  </datafield>
  <datafield tag="952" ind1=" " ind2=" ">
    <subfield code="0">0</subfield>
    <subfield code="1">0</subfield>
    <subfield code="4">0</subfield>
    <subfield code="6">509_000000000000000_&#x1780;&#x179A;&#x179F;&#x17BD;&#x1784;_NA</subfield>
    <subfield code="7">0</subfield>
    <subfield code="9">52027</subfield>
    <subfield code="a">LBC</subfield>
    <subfield code="b">LBC</subfield>
    <subfield code="d">2016-09-14</subfield>
    <subfield code="o">509 &#x1780;&#x17D2;&#x179A;&#x179F;&#x17BD;&#x1784; NA</subfield>
    <subfield code="p">RUA042329</subfield>
    <subfield code="r">2016-09-14</subfield>
    <subfield code="w">2016-09-14</subfield>
    <subfield code="y">KB</subfield>
  </datafield>
  <datafield tag="952" ind1=" " ind2=" ">
    <subfield code="0">0</subfield>
    <subfield code="1">0</subfield>
    <subfield code="4">0</subfield>
    <subfield code="6">509_000000000000000_&#x1780;&#x179A;&#x179F;&#x17BD;&#x1784;_NA_C248</subfield>
    <subfield code="7">0</subfield>
    <subfield code="9">52028</subfield>
    <subfield code="a">LBC</subfield>
    <subfield code="b">LBC</subfield>
    <subfield code="c">C248</subfield>
    <subfield code="d">2016-09-14</subfield>
    <subfield code="o">509 &#x1780;&#x17D2;&#x179A;&#x179F;&#x17BD;&#x1784; NA C248</subfield>
    <subfield code="p">RUA42064</subfield>
    <subfield code="r">2016-09-14</subfield>
    <subfield code="y">KB</subfield>
  </datafield>
  <datafield tag="952" ind1=" " ind2=" ">
    <subfield code="0">0</subfield>
    <subfield code="1">0</subfield>
    <subfield code="4">0</subfield>
    <subfield code="6">509_000000000000000_&#x1780;&#x179A;&#x179F;&#x17BD;&#x1784;_NA_C248</subfield>
    <subfield code="7">0</subfield>
    <subfield code="9">52029</subfield>
    <subfield code="a">LBC</subfield>
    <subfield code="b">LBC</subfield>
    <subfield code="c">C248</subfield>
    <subfield code="d">2016-09-14</subfield>
    <subfield code="o">509 &#x1780;&#x17D2;&#x179A;&#x179F;&#x17BD;&#x1784; NA C248</subfield>
    <subfield code="p">RUA043368</subfield>
    <subfield code="r">2016-09-14</subfield>
    <subfield code="y">KB</subfield>
  </datafield>
  <datafield tag="952" ind1=" " ind2=" ">
    <subfield code="0">0</subfield>
    <subfield code="1">0</subfield>
    <subfield code="4">0</subfield>
    <subfield code="6">509_000000000000000_&#x1780;&#x179A;&#x179F;&#x17BD;&#x1784;_NA</subfield>
    <subfield code="7">0</subfield>
    <subfield code="9">52030</subfield>
    <subfield code="a">LBC</subfield>
    <subfield code="b">LBC</subfield>
    <subfield code="d">2016-09-14</subfield>
    <subfield code="o">509 &#x1780;&#x17D2;&#x179A;&#x179F;&#x17BD;&#x1784; NA</subfield>
    <subfield code="p">RUA043129</subfield>
    <subfield code="r">2016-09-14</subfield>
    <subfield code="w">2016-09-14</subfield>
    <subfield code="y">KB</subfield>
  </datafield>
  <datafield tag="952" ind1=" " ind2=" ">
    <subfield code="0">0</subfield>
    <subfield code="1">0</subfield>
    <subfield code="4">0</subfield>
    <subfield code="6">509_000000000000000_&#x1780;&#x179A;&#x179F;&#x17BD;&#x1784;_NA_C161</subfield>
    <subfield code="7">0</subfield>
    <subfield code="9">52031</subfield>
    <subfield code="a">LBC</subfield>
    <subfield code="b">LBC</subfield>
    <subfield code="c">C161</subfield>
    <subfield code="d">2016-09-14</subfield>
    <subfield code="o">509 &#x1780;&#x17D2;&#x179A;&#x179F;&#x17BD;&#x1784; NA C161</subfield>
    <subfield code="p">RUA042389</subfield>
    <subfield code="r">2016-10-12</subfield>
    <subfield code="y">KB</subfield>
  </datafield>
</record>
